| 000 | 00430nam a2200133Ia 4500 | ||
|---|---|---|---|
| 008 | 250506s9999 xx 000 0 und d | ||
| 024 | _a10B-74-BS, 10B-61-BS & 10B-62-BS | ||
| 082 | _a005.072 MUH | ||
| 100 | _aMuhammad Herman Shafiq, Muhammad Ali Rashid, & Muhammad Fahad Sultan | ||
| 245 | 0 | _aSocial Media System | |
| 260 |
_aKarachi: _bUIT, _c2010 |
||
| 600 | _aComputer Science | ||
| 650 | _aBachelor of Computer Science (BS) | ||
| 999 |
_c27542 _d27542 |
||